Statistiques concernant Harry Potter: la Famille Potter

Cliquez ici pour prendre le quiz!

Statistiques générales

  • Ce quiz a été pris 187 fois
    (181 depuis la dernière actualisation)
  • Le résultat moyen est 9 sur 12

Statistiques - réponses

InformationRéponses% Correct
Membre connuHarry Potter
98%
Membre connuJames Potter
98%
Membre connuJames Sirius Potter
98%
Membre connue (par alliance)Lily Evans
98%
Membre connueLily Luna Potter
98%
Première apparitionHarry Potter à l'école des sorciers
89%
Dernière apparitionHarry Potter et les Reliques de la Mort
89%
Membre connuAlbus Severus Potter
88%
Statut du sangSang-Mêlé
84%
Membre connue (par alliance)Ginny Weasley
63%
Membre connuAbraham Potter
8%
Membre connuFlaemont Potter
2%

Distribution des résultats

Percentile par nombre de réponses

% des personnes avec chaque résultat

Votre développement - résultats

Vous n’avez pas pris ce quiz depuis la dernière actualisation